| 000 | 00576cam a22002171 4500 | ||
|---|---|---|---|
| 001 | f 01002239 | ||
| 003 | DLC | ||
| 005 | 20260227111242.0 | ||
| 008 | 830928s1900 be 000 0 fre | ||
| 010 | _af 01002239 | ||
| 035 | _a(OCoLC)9957683 | ||
| 040 |
_aDLC _cNcU _dNcU _dDLC |
||
| 042 | _apremarc | ||
| 050 | 0 | 0 |
_aJV2824 _b.H4 |
| 100 | 1 |
_aHaulleville, Alphonse de, _d1860- |
|
| 245 | 1 | 3 | _aLa morale de la colonisation. |
| 250 | _a2. éd. | ||
| 260 |
_aBruxelles [etc.] _bJ. Lebègue & cie. [etc.] _c1900. |
||
| 300 |
_a44 p. _c26 cm. |
||
| 651 | 0 |
_aBelgium _xColonies. |
|
| 999 |
_c22752 _d22752 |
||